Movies Quiz

Random Movies or Actress Quiz
Score 0/28 Timer 06:00
1 Play Today
% Correct
Jack Nicholson
92.5%
Michael Keaton
92%
Tom Cruise
90.8%
Sharon Stone
90.6%
Gary Oldman
88.3%
Geena Davis
87.7%
Tom Hanks
87.3%
Michelle Pfeiffer
86.6%
Danny DeVito
85.5%
Demi Moore
84.5%
Alec Baldwin
84.5%
Madonna
84.4%
Rosie O’Donnell
82.3%
Meryl Streep
81.9%
% Correct
Al Pacino
80.2%
Kevin Bacon
80.1%
Anthony Hopkins
79.4%
Alan Arkin
78.2%
Goldie Hawn
77.7%
Jack Lemmon
77.2%
Keanu Reeves
76.3%
Winona Ryder
75.7%
Kevin Spacey
75.6%
Ed Harris
73.4%
Kiefer Sutherland
67.8%
Cary Elwes
66%
Richard E. Grant
60.3%
Jonathan Pryce
57.3%
Remove Ads.
Support Sporcle.
Get the best of Sporcle when you Go Orange. This ad-free experience offers more features, more stats, and more fun while also helping to support Sporcle. Thank you for becoming a member.

You're not logged in!

Compare scores with friends on all Sporcle quizzes.
OR
Log In

Show Comments

Extras

Top Quizzes Today


Score Distribution

Your Account Isn't Verified!

In order to create a playlist on Sporcle, you need to verify the email address you used during registration. Go to your Sporcle Settings to finish the process.

Report this User

Report this user for behavior that violates our Community Guidelines.

Details: